000
00286nam a2200121Ia 4500
005
20251222154418.0
008
251222s9999||||xx |||||||||||||| ||spa||
020
_a
84-320-0388-3
082
_a
818.9/Y51
100
_a
"Yerby, Frank"
245
0
_a
Mientras la ciudad duerme
942
_c
LIB
999
_c
35923
_d
35923